An introduction to functional analysis

Αποθηκεύτηκε σε:
Λεπτομέρειες βιβλιογραφικής εγγραφής
Κύριος συγγραφέας: Swartz, Charles 1938-
Μορφή: Βιβλίο
Γλώσσα:English
Δημοσίευση: New York : M. Dekker, c1992
Σειρά:Monographs and textbooks in pure and applied mathematics ; ; 157
Θέματα:
Ετικέτες: Προσθήκη ετικέτας
Δεν υπάρχουν, Καταχωρήστε ετικέτα πρώτοι!

MARC

LEADER 00000cam a2200000 i 4500
001 1/53440
008 941103s1992 eng d
020 |a 0824786432 
035 |l 10044708 
035 |a 1993  |c ΧΑΤΖΗΣΑΒΒΑΣ 
040 |a GR-MY-UA  |b gre  |e aacr 
041 0 |a eng 
082 0 |a 515.7  |2 (20) 
100 1 |a Swartz, Charles  |d 1938- 
245 1 3 |a An introduction to functional analysis /  |c Charles Swartz 
260 |a New York :   |b M. Dekker,   |c c1992 
300 |a xi, 600 p.;  |b ill.;  |c 24 cm 
490 1 |a Monographs and textbooks in pure and applied mathematics  |v ; 157 
504 |a Includes bibliographical references (p. 591-595) and index 
650 0 0 |a Functional analysis. 
830 0 |a Monographs and textbooks in pure and applied mathematics ;  |v ; 157 
852 |a INST  |b SAMOS  |e 19941103  |h 515.7 SWA  |p 005300003055  |q 005300003055  |t BK  |y 0 
852 |a INST  |b SAMOS  |e 19941103  |h 515.7 SWA  |p 005300007636  |q 005300007636  |t BK  |y 0 
909 |a Σ  |b 026637 
909 |a Σ  |b 030250